[Event "Scarborough CC Falling Leaves U1800"]
[Site "Toronto CAN"]
[Date "2011.12.01"]
[Round "5"]
[White "Maister, Martin"]
[Black "Aghamalian, Derick"]
[Result "1-0"]
[WhiteElo "1626"]
[BlackElo "1489"]
[PlyCount "87"]
[GameId "2160767909639540"]
[EventDate "2011.11.03"]
[EventType "swiss"]
[EventRounds "7"]
[EventCountry "CAN"]
[SourceTitle "EXT 2022"]
[Source "ChessBase"]
[SourceDate "2021.10.06"]
[SourceVersion "1"]
[SourceVersionDate "2021.10.06"]
[SourceQuality "1"]

1. c4 e5 2. Nc3 Nc6 3. g3 Nf6 4. Bg2 Be7 5. Nf3 d6 6. O-O O-O 7. d4 exd4 8. Nxd4 Bd7 9. Nxc6 Bxc6 10. Bxc6 bxc6 11. Qa4 Qd7 12. Rd1 c5 13. Qxd7 Nxd7 14. f4 Nb6 15. b3 Bf6 16. Bd2 Rfe8 17. Rac1 Bd4+ 18. Kf1 a6 19. Re1 Be3 20. Bxe3 Rxe3 21. Nd1 Re6 22. e4 Nd7 23. Nc3 Nf6 24. Rc2 Rae8 25. Rce2 Kf8 26. h3 c6 27. Kf2 Nd7 28. Rd1 Ke7 29. Red2 Nf8 30. g4 h6 31. f5 Rf6 32. e5 dxe5 33. Ne4 Rc8 34. Nxf6 gxf6 35. Rd6 Rc7 36. Rd8 a5 37. Ra8 a4 38. Rxa4 Nh7 39. h4 Nf8 40. Ke3 Nd7 41. Ke4 Nb6 42. Ra6 Rb7 43. a4 Nd7 44. Rd3 1-0

[Event "Scarborough CC Falling Leaves U1800"]
[Site "Toronto CAN"]
[Date "2011.12.01"]
[Round "5"]
[White "Mesiti, Silvano"]
[Black "Liang, Phillip"]
[Result "0-1"]
[WhiteElo "1604"]
[BlackElo "1443"]
[PlyCount "120"]
[GameId "2160767909639541"]
[EventDate "2011.11.03"]
[EventType "swiss"]
[EventRounds "7"]
[EventCountry "CAN"]
[SourceTitle "EXT 2022"]
[Source "ChessBase"]
[SourceDate "2021.10.06"]
[SourceVersion "1"]
[SourceVersionDate "2021.10.06"]
[SourceQuality "1"]

1. e4 c6 2. Nf3 d5 3. exd5 cxd5 4. d4 Nf6 5. Nc3 Bf5 6. Bd3 Bxd3 7. Qxd3 a6 8. O-O e6 9. Bg5 Nbd7 10. Rfe1 Be7 11. Ne2 h6 12. Bd2 O-O 13. Ng3 b5 14. a3 Bd6 15. Ne5 Qc7 16. Bc3 Nb6 17. Ba5 Rfc8 18. c3 Qb7 19. Bxb6 Qxb6 20. Qf3 a5 21. Nh5 Nxh5 22. Qxh5 Bxe5 23. Qxe5 b4 24. axb4 axb4 25. Qe3 Rxa1 26. Rxa1 bxc3 27. bxc3 Qb2 28. Rc1 Rc4 29. Qe1 g5 30. g4 Qb8 31. Qe3 Qc8 32. h3 Kg7 33. Kf1 Qa6 34. Ke1 Ra4 35. Qe5+ Kg6 36. Qe2 Qxe2+ 37. Kxe2 f5 38. Kf3 Kf6 39. Re1 Rc4 40. Re3 f4 41. Rd3 e5 42. dxe5+ Kxe5 43. Ke2 Re4+ 44. Kd2 Kd6 45. Rd4 Kc5 46. Rd3 Kc4 47. Rf3 Re6 48. Rd3 Ra6 49. Rd4+ Kc5 50. Ke2 Ra2+ 51. Rd2 Rxd2+ 52. Kxd2 Kc4 53. f3 d4 54. cxd4 Kxd4 55. Ke2 Kc3 56. Kf2 Kd2 57. h4 gxh4 58. Kg2 Ke3 59. Kh3 Kxf3 60. Kxh4 Kg2 0-1

[Event "Scarborough CC Falling Leaves U1800"]
[Site "Toronto CAN"]
[Date "2011.12.01"]
[Round "5"]
[White "Super, Russell"]
[Black "Lin, William"]
[Result "1-0"]
[WhiteElo "1423"]
[BlackElo "1361"]
[PlyCount "53"]
[GameId "2160767909639542"]
[EventDate "2011.11.03"]
[EventType "swiss"]
[EventRounds "7"]
[EventCountry "CAN"]
[SourceTitle "EXT 2022"]
[Source "ChessBase"]
[SourceDate "2021.10.06"]
[SourceVersion "1"]
[SourceVersionDate "2021.10.06"]
[SourceQuality "1"]

1. e4 c5 2. Nf3 Nc6 3. d4 cxd4 4. Nxd4 g6 5. c4 Bg7 6. Nxc6 bxc6 7. Qc2 Bb7 8. Be2 d6 9. O-O Nf6 10. Nc3 O-O 11. h3 c5 12. f4 Nd7 13. Bf3 e5 14. f5 Nf6 15. Be3 Bc6 16. Rad1 Qc7 17. g4 Qb7 18. g5 Nd7 19. f6 Nxf6 20. gxf6 Bxf6 21. Rxd6 Be7 22. Rd2 f5 23. Nd5 fxe4 24. Qxe4 Kh8 25. Qxe5+ Bf6 26. Nxf6 Bxf3 27. Rd7 1-0

[Event "Scarborough CC Falling Leaves U1800"]
[Site "Toronto CAN"]
[Date "2011.12.01"]
[Round "5"]
[White "Termeer, Ted"]
[Black "Crnilovic, Grisha"]
[Result "0-1"]
[WhiteElo "1349"]
[BlackElo "1668"]
[PlyCount "72"]
[GameId "2160767909639543"]
[EventDate "2011.11.03"]
[EventType "swiss"]
[EventRounds "7"]
[EventCountry "CAN"]
[SourceTitle "EXT 2022"]
[Source "ChessBase"]
[SourceDate "2021.10.06"]
[SourceVersion "1"]
[SourceVersionDate "2021.10.06"]
[SourceQuality "1"]

1. Nf3 d5 2. d4 Nf6 3. Nc3 g6 4. Bf4 a6 5. e3 Bg7 6. h3 O-O 7. Bd3 Nbd7 8. O-O e6 9. Ne2 c5 10. c3 b5 11. Bd6 c4 12. Bxf8 cxd3 13. Bxg7 dxe2 14. Qxe2 Kxg7 15. Nd2 Nb6 16. b3 Bb7 17. f4 Nc8 18. b4 Nd6 19. Nb3 Nfe4 20. Qe1 Rc8 21. Nc5 Nxc5 22. dxc5 Ne4 23. Rc1 f5 24. Qd1 Qh4 25. Qd4+ Kf7 26. Qd1 Rg8 27. Qd4 g5 28. Qe5 gxf4 29. Qxf4 Qxh3 30. Qh2 Qxe3+ 31. Kh1 Nf2+ 32. Rxf2 Qxf2 33. Qxh7+ Rg7 34. Qh5+ Ke7 35. Rg1 d4 36. Qh2 Bxg2+ 0-1

[Event "Scarborough CC Falling Leaves U1800"]
[Site "Toronto CAN"]
[Date "2011.12.01"]
[Round "5"]
[White "Vojnov, Miomir"]
[Black "Azizi, Hamid"]
[Result "0-1"]
[WhiteElo "1566"]
[BlackElo "1424"]
[PlyCount "74"]
[GameId "2160767909639544"]
[EventDate "2011.11.03"]
[EventType "swiss"]
[EventRounds "7"]
[EventCountry "CAN"]
[SourceTitle "EXT 2022"]
[Source "ChessBase"]
[SourceDate "2021.10.06"]
[SourceVersion "1"]
[SourceVersionDate "2021.10.06"]
[SourceQuality "1"]

1. e4 d5 2. e5 Bf5 3. d4 e6 4. Bd3 Bg6 5. Bxg6 hxg6 6. Nf3 c5 7. c3 Nc6 8. O-O Qb6 9. dxc5 Bxc5 10. b4 Bf8 11. Qa4 Nh6 12. Be3 Qd8 13. h3 Be7 14. b5 Qa5 15. Qxa5 Nxa5 16. Nbd2 Ba3 17. Rab1 b6 18. Nd4 Rc8 19. N2b3 Nc4 20. Bf4 Nf5 21. Nc6 Rc7 22. Rfd1 Ne7 23. Nbd4 Bc5 24. Nxe7 Kxe7 25. a4 Rhc8 26. Nc6+ Kd7 27. Rd3 a5 28. Rf3 Ke8 29. Rg3 Rxc6 30. bxc6 Rxc6 31. Rg5 Kf8 32. Rg3 Be7 33. Kf1 f6 34. exf6 gxf6 35. Rxg6 Kf7 36. Rg3 Bd6 37. Rf3 Bxf4 0-1

[Event "Scarborough CC Falling Leaves U1800"]
[Site "Toronto CAN"]
[Date "2011.12.01"]
[Round "5"]
[White "Zhong, Joey"]
[Black "Smith, Maurice"]
[Result "1/2-1/2"]
[WhiteElo "1366"]
[BlackElo "1509"]
[PlyCount "123"]
[GameId "2160767909639545"]
[EventDate "2011.11.03"]
[EventType "swiss"]
[EventRounds "7"]
[EventCountry "CAN"]
[SourceTitle "EXT 2022"]
[Source "ChessBase"]
[SourceDate "2021.10.06"]
[SourceVersion "1"]
[SourceVersionDate "2021.10.06"]
[SourceQuality "1"]

1. d4 Nf6 2. Nf3 d5 3. c4 c6 4. Nc3 Bf5 5. Qb3 Qb6 6. Qxb6 axb6 7. cxd5 Nxd5 8. Nxd5 cxd5 9. Bf4 Nc6 10. e3 e6 11. Bb5 Bb4+ 12. Ke2 O-O 13. a3 Be7 14. Bc7 Na7 15. Bd3 Bxd3+ 16. Kxd3 b5 17. Rhc1 Nc6 18. Ne5 Nxe5+ 19. Bxe5 b4 20. Rc7 Rfe8 21. a4 b5 22. a5 Bd8 23. Rb7 Rxa5 24. Rxa5 Bxa5 25. Rxb5 Ra8 26. Bd6 g6 27. Bxb4 Bd8 28. Bd6 Ra6 29. Bf4 Kg7 30. Rb8 Be7 31. Rb7 Bf6 32. Bc7 Ra1 33. g3 h5 34. h4 Rf1 35. Ke2 Rc1 36. Bf4 Rc2+ 37. Kf3 Rc4 38. b4 Rc3 39. Kg2 Rc2 40. b5 Rb2 41. b6 Bd8 42. Bc7 Bxc7 43. bxc7 Rc2 44. Kf1 Rc6 45. Ke2 Kf6 46. Kd3 e5 47. dxe5+ Kxe5 48. f4+ Kd6 49. Kd4 Rc4+ 50. Kd3 Rxc7 51. Rxc7 Kxc7 52. Kd4 Kd6 53. e4 dxe4 54. Kxe4 Ke6 55. Kf3 f5 56. Ke3 Ke7 57. Kd4 Kd6 58. Kc4 Kc6 59. Kd4 Kd6 60. Ke3 Ke7 61. Kd3 Kd7 62. Kc4 1/2-1/2

[Event "Scarborough CC Falling Leaves U1800"]
[Site "Toronto CAN"]
[Date "2011.12.08"]
[Round "6"]
[White "Aghamalian, Leonid"]
[Black "Crnilovic, Grisha"]
[Result "1-0"]
[WhiteElo "1489"]
[BlackElo "1668"]
[PlyCount "87"]
[GameId "2160767909639546"]
[EventDate "2011.11.03"]
[EventType "swiss"]
[EventRounds "7"]
[EventCountry "CAN"]
[SourceTitle "EXT 2022"]
[Source "ChessBase"]
[SourceDate "2021.10.06"]
[SourceVersion "1"]
[SourceVersionDate "2021.10.06"]
[SourceQuality "1"]

1. d4 Nf6 2. c4 g6 3. Nc3 d6 4. e4 Bg7 5. Nf3 O-O 6. Be2 e5 7. dxe5 dxe5 8. Qxd8 Rxd8 9. Bg5 Re8 10. Bxf6 Bxf6 11. Nd5 Bd8 12. O-O c6 13. Nc3 f5 14. Rfd1 Bf6 15. b4 f4 16. b5 Be6 17. Rd6 Nd7 18. bxc6 bxc6 19. Rxc6 Rac8 20. Rxc8 Rxc8 21. Nd5 Bxd5 22. cxd5 Rc2 23. Kf1 Nc5 24. Ne1 Rc3 25. f3 Bd8 26. Rd1 Kf7 27. Nd3 Nxd3 28. Bxd3 Bb6 29. Bb5 Rc2 30. d6 Rf2+ 31. Ke1 Rxg2 32. d7 Ke7 33. Rd5 Bd8 34. Rxe5+ Kd6 35. Rd5+ Ke7 36. Rd2 Rxd2 37. Kxd2 Kd6 38. Kd3 Ke5 39. Kc4 g5 40. h3 h5 41. Kc5 Bb6+ 42. Kc6 Kd4 43. Kd6 Ke3 44. e5 1-0

[Event "Scarborough CC Falling Leaves U1800"]
[Site "Toronto CAN"]
[Date "2011.12.08"]
[Round "6"]
[White "Azizi, Hamid"]
[Black "Super, Russell"]
[Result "1-0"]
[WhiteElo "1424"]
[BlackElo "1423"]
[PlyCount "47"]
[GameId "2160767909639547"]
[EventDate "2011.11.03"]
[EventType "swiss"]
[EventRounds "7"]
[EventCountry "CAN"]
[SourceTitle "EXT 2022"]
[Source "ChessBase"]
[SourceDate "2021.10.06"]
[SourceVersion "1"]
[SourceVersionDate "2021.10.06"]
[SourceQuality "1"]

1. f4 e6 2. e3 d5 3. Nf3 Nf6 4. Be2 Be7 5. O-O O-O 6. Qe1 c5 7. b3 b6 8. Bb2 Nbd7 9. Ne5 Bb7 10. d3 Rc8 11. Nd2 Ne8 12. Bh5 g6 13. Ndf3 Bf6 14. Qg3 Bg7 15. Rab1 Nxe5 16. Bxe5 f6 17. Bg4 fxe5 18. Bxe6+ Kh8 19. Nxe5 Rc7 20. Nxg6+ hxg6 21. Qh3+ Qh4 22. Qxh4+ Bh6 23. Qxh6+ Rh7 24. Qxf8# 1-0

[Event "Scarborough CC Falling Leaves U1800"]
[Site "Toronto CAN"]
[Date "2011.12.08"]
[Round "6"]
[White "Azmitia, Gabriel"]
[Black "Gillis, Doug"]
[Result "0-1"]
[WhiteElo "1588"]
[BlackElo "1617"]
[PlyCount "141"]
[GameId "2160767909639548"]
[EventDate "2011.11.03"]
[EventType "swiss"]
[EventRounds "7"]
[EventCountry "CAN"]
[SourceTitle "EXT 2022"]
[Source "ChessBase"]
[SourceDate "2021.10.06"]
[SourceVersion "1"]
[SourceVersionDate "2021.10.06"]
[SourceQuality "1"]

1. d4 e6 2. Nf3 Nf6 3. e3 d5 4. Bd3 c5 5. b3 Nc6 6. a3 Be7 7. O-O O-O 8. Bb2 b6 9. Nbd2 Bb7 10. Qe2 Rc8 11. Bb5 cxd4 12. Bxc6 Rxc6 13. Nxd4 Rc7 14. f4 Qc8 15. Rac1 Ba6 16. c4 dxc4 17. bxc4 Rd8 18. Rfd1 Nd5 19. Kh1 Bf6 20. g3 Qb7 21. Kg1 Ne7 22. g4 Bxd4 23. Bxd4 Qc6 24. Be5 Rcd7 25. Bd4 Bb7 26. Kf2 Qg2+ 27. Ke1 Qh1+ 28. Kf2 Qxh2+ 29. Ke1 Qg3+ 30. Qf2 Qxg4 31. Nf1 Nf5 32. Nh2 Qg2 33. Qxg2 Bxg2 34. Kf2 Bb7 35. Ke2 Nxd4+ 36. exd4 Rxd4 37. Rxd4 Rxd4 38. c5 Ba6+ 39. Ke3 Rc4 40. Rd1 h6 41. cxb6 axb6 42. Ra1 Rc2 43. Nf1 Bxf1 44. Rxf1 Ra2 45. Rb1 Rxa3+ 46. Kf2 g5 47. fxg5 hxg5 48. Rxb6 Kg7 49. Rb7 Kg6 50. Rd7 f5 51. Rd8 g4 52. Rg8+ Kf6 53. Rh8 Ke5 54. Rb8 Kf4 55. Rb4+ Kg5 56. Rb6 e5 57. Rb5 Kf4 58. Rb4+ e4 59. Rb2 Rh3 60. Kg2 Rh7 61. Rf2+ Ke5 62. Rb2 Rd7 63. Rb5+ Rd5 64. Rb3 f4 65. Rb8 Rd2+ 66. Kf1 e3 67. Re8+ Kd4 68. Rd8+ Ke4 69. Re8+ Kf3 70. Ke1 Rh2 71. Kf1 0-1

[Event "Scarborough CC Falling Leaves U1800"]
[Site "Toronto CAN"]
[Date "2011.12.08"]
[Round "6"]
[White "Guo, Tan"]
[Black "Maister, Martin"]
[Result "0-1"]
[WhiteElo "1634"]
[BlackElo "1626"]
[PlyCount "116"]
[GameId "2160767909639549"]
[EventDate "2011.11.03"]
[EventType "swiss"]
[EventRounds "7"]
[EventCountry "CAN"]
[SourceTitle "EXT 2022"]
[Source "ChessBase"]
[SourceDate "2021.10.06"]
[SourceVersion "1"]
[SourceVersionDate "2021.10.06"]
[SourceQuality "1"]

1. e4 c5 2. Nf3 d6 3. d4 cxd4 4. Nxd4 Nf6 5. Nc3 a6 6. Be3 e6 7. Bc4 b5 8. Bd3 Bb7 9. a3 Be7 10. O-O Nbd7 11. Re1 O-O 12. f3 d5 13. exd5 Nxd5 14. Nxd5 Bxd5 15. Be4 Bxe4 16. fxe4 Rc8 17. c3 Qc7 18. Rc1 Nc5 19. Bf2 Rfd8 20. Qf3 Qb7 21. Bg3 Bd6 22. Bxd6 Rxd6 23. Rcd1 Rcd8 24. e5 Qxf3 25. gxf3 Rd5 26. Kf2 g6 27. f4 Kg7 28. Ke2 h5 29. Ke3 Na4 30. Rd2 Nb6 31. b3 Rc8 32. Rc1 Rd7 33. Rdc2 Nd5+ 34. Ke4 Kh6 35. c4 Nxf4 36. cxb5 Rxc2 37. Rxc2 axb5 38. Nxb5 Nd5 39. Nd6 f5+ 40. Kf3 g5 41. Rc8 h4 42. Rh8+ Kg7 43. Re8 g4+ 44. Kf2 Rc7 45. Nc4 f4 46. Rxe6 g3+ 47. hxg3 fxg3+ 48. Kg1 h3 49. Rd6 h2+ 50. Kh1 Rf7 51. Nd2 Nf4 52. e6 Rf5 53. Nf3 Nxe6 54. Nxh2 Nf4 55. Nf3 Rh5+ 56. Kg1 g2 57. Nh2 Rg5 58. Rd2 Nh3# 0-1

[Event "Scarborough CC Falling Leaves U1800"]
[Site "Toronto CAN"]
[Date "2011.12.08"]
[Round "6"]
[White "Joshi, Arjavkumar"]
[Black "Vojnov, Miomir"]
[Result "0-1"]
[WhiteElo "1312"]
[BlackElo "1566"]
[PlyCount "66"]
[GameId "2160767909639550"]
[EventDate "2011.11.03"]
[EventType "swiss"]
[EventRounds "7"]
[EventCountry "CAN"]
[SourceTitle "EXT 2022"]
[Source "ChessBase"]
[SourceDate "2021.10.06"]
[SourceVersion "1"]
[SourceVersionDate "2021.10.06"]
[SourceQuality "1"]

1. e4 e5 2. Nf3 Nc6 3. Bc4 Nf6 4. Nc3 Bc5 5. d3 h6 6. O-O a6 7. Ne2 b5 8. Bb3 d6 9. Ng3 Nd4 10. Nxd4 Bxd4 11. c3 Bb6 12. Kh1 Ng4 13. Qf3 O-O 14. h3 Nf6 15. Nh5 Nxh5 16. Qxh5 Qf6 17. f4 c5 18. Bd2 Be6 19. fxe5 Qxe5 20. Bf4 Qxh5 21. Bxd6 Rfd8 22. Bh2 Rxd3 23. Bd1 Qg6 24. Bf3 Rad8 25. e5 c4 26. Rae1 Rd2 27. Be4 Qh5 28. Bf3 Qh4 29. Re4 Qe7 30. Rf4 Rf8 31. Bg1 Bxg1 32. Rxg1 Rxb2 33. Be4 Rxa2 0-1

[Event "Scarborough CC Falling Leaves U1800"]
[Site "Toronto CAN"]
[Date "2011.12.08"]
[Round "6"]
[White "Li, Michael"]
[Black "Gaffney, Kevin"]
[Result "1-0"]
[WhiteElo "1425"]
[BlackElo "1632"]
[PlyCount "67"]
[GameId "2160767909639551"]
[EventDate "2011.11.03"]
[EventType "swiss"]
[EventRounds "7"]
[EventCountry "CAN"]
[SourceTitle "EXT 2022"]
[Source "ChessBase"]
[SourceDate "2021.10.06"]
[SourceVersion "1"]
[SourceVersionDate "2021.10.06"]
[SourceQuality "1"]

1. e4 e5 2. Nf3 Nc6 3. d4 exd4 4. Nxd4 Nf6 5. Nc3 Bb4 6. Nxc6 bxc6 7. Bd3 d5 8. exd5 cxd5 9. O-O O-O 10. Bg5 c6 11. Qf3 Be7 12. Rfe1 Re8 13. h3 Rb8 14. Rab1 Be6 15. Ne2 h6 16. Bh4 Qd7 17. Nd4 c5 18. Nf5 Bxf5 19. Bxf5 Qd8 20. b3 Rb4 21. Bxf6 Bxf6 22. Rxe8+ Qxe8 23. Qxd5 c4 24. Qd2 Qb8 25. Re1 g6 26. Bd7 Kg7 27. Re8 Qb7 28. Qd6 g5 29. Bf5 Bc3 30. Qf8+ Kf6 31. Qxh6+ Kxf5 32. g4+ Kf4 33. Qd6+ Kf3 34. Qg3# 1-0

[Event "Scarborough CC Falling Leaves U1800"]
[Site "Toronto CAN"]
[Date "2011.12.08"]
[Round "6"]
[White "Liang, Phillip"]
[Black "Aghamalian, Derick"]
[Result "1-0"]
[WhiteElo "1443"]
[BlackElo "1555"]
[PlyCount "120"]
[GameId "2160767909639552"]
[EventDate "2011.11.03"]
[EventType "swiss"]
[EventRounds "7"]
[EventCountry "CAN"]
[SourceTitle "EXT 2022"]
[Source "ChessBase"]
[SourceDate "2021.10.06"]
[SourceVersion "1"]
[SourceVersionDate "2021.10.06"]
[SourceQuality "1"]

1. d4 d5 2. Nf3 Nf6 3. c4 c6 4. Nc3 Bf5 5. Qb3 Qb6 6. c5 Qc7 7. Qa4 Nbd7 8. Bg5 g6 9. e3 Bg7 10. Bf4 Qc8 11. Be2 Nh5 12. Rd1 Nxf4 13. exf4 Qc7 14. g3 O-O 15. Rd2 Nf6 16. b4 Ne4 17. Nxe4 Bxe4 18. Qb3 Qd7 19. h4 h5 20. Rh2 Rfe8 21. Kf1 Qf5 22. Bd3 Bxd3+ 23. Rxd3 Qd7 24. Kg2 a5 25. a4 Ra7 26. Rh1 Rea8 27. Ra1 Qf5 28. b5 Qd7 29. b6 Ra6 30. Re3 Re8 31. Qd3 Raa8 32. Rae1 Bf6 33. Ne5 Bxe5 34. Rxe5 Kg7 35. f5 e6 36. fxg6 fxg6 37. R1e3 Re7 38. Rg5 Qe8 39. Rf3 Rd8 40. Qe3 Rf7 41. Qe5+ Kh7 42. Rf6 Rxf6 43. Qxf6 Rd7 44. Re5 Re7 45. f3 Kg8 46. g4 hxg4 47. fxg4 Qf7 48. Qg5 Kh7 49. h5 gxh5 50. Qxh5+ Qxh5 51. Rxh5+ Kg6 52. Rh8 e5 53. dxe5 Rxe5 54. Kf3 Re4 55. Rb8 Re7 56. Ra8 Rf7+ 57. Kg3 d4 58. Rd8 Re7 59. Rxd4 Re3+ 60. Kf4 Rc3 1-0

[Event "Scarborough CC Falling Leaves U1800"]
[Site "Toronto CAN"]
[Date "2011.12.08"]
[Round "6"]
[White "Pishdad, Hassan"]
[Black "Verde, Pino"]
[Result "0-1"]
[WhiteElo "1325"]
[BlackElo "1643"]
[PlyCount "58"]
[GameId "2160767909639553"]
[EventDate "2011.11.03"]
[EventType "swiss"]
[EventRounds "7"]
[EventCountry "CAN"]
[SourceTitle "EXT 2022"]
[Source "ChessBase"]
[SourceDate "2021.10.06"]
[SourceVersion "1"]
[SourceVersionDate "2021.10.06"]
[SourceQuality "1"]

1. d4 Nf6 2. c4 g6 3. Nf3 Bg7 4. Nc3 O-O 5. e3 d6 6. Be2 Re8 7. O-O Nbd7 8. Rb1 c6 9. d5 Nc5 10. Bd3 e5 11. e4 Nh5 12. h3 Nf4 13. Bxf4 exf4 14. Re1 h5 15. Qc2 g5 16. b4 Nxd3 17. Qxd3 g4 18. hxg4 hxg4 19. Nh2 Qh4 20. g3 Qf6 21. Ne2 f3 22. Nf4 Qh6 23. Qf1 Be5 24. Nd3 Kg7 25. Kh1 Rh8 26. Qg1 Bd7 27. Nxe5 dxe5 28. Red1 Rh7 29. c5 Rah8 0-1

[Event "Scarborough CC Falling Leaves U1800"]
[Site "Toronto CAN"]
[Date "2011.12.08"]
[Round "6"]
[White "Radpey, Abdolreza"]
[Black "Karpik, Steve"]
[Result "0-1"]
[WhiteElo "1613"]
[BlackElo "1481"]
[PlyCount "30"]
[GameId "2160767909639554"]
[EventDate "2011.11.03"]
[EventType "swiss"]
[EventRounds "7"]
[EventCountry "CAN"]
[SourceTitle "EXT 2022"]
[Source "ChessBase"]
[SourceDate "2021.10.06"]
[SourceVersion "1"]
[SourceVersionDate "2021.10.06"]
[SourceQuality "1"]

1. Nf3 Nc6 2. d4 d5 3. c3 g6 4. Nbd2 Nf6 5. h3 Bg7 6. Nb3 a6 7. g4 O-O 8. Nh2 e5 9. dxe5 Nxe5 10. f4 Nc4 11. Bg2 Re8 12. Nf1 Ne4 13. Nd4 Qh4+ 14. Ng3 Qxg3+ 15. Kf1 Qf2# 0-1

[Event "Scarborough CC Falling Leaves U1800"]
[Site "Toronto CAN"]
[Date "2011.12.08"]
[Round "6"]
[White "Sharpe, Michael"]
[Black "Kurkowski, Ken"]
[Result "0-1"]
[WhiteElo "1686"]
[BlackElo "1569"]
[PlyCount "60"]
[GameId "2160767909639555"]
[EventDate "2011.11.03"]
[EventType "swiss"]
[EventRounds "7"]
[EventCountry "CAN"]
[SourceTitle "EXT 2022"]
[Source "ChessBase"]
[SourceDate "2021.10.06"]
[SourceVersion "1"]
[SourceVersionDate "2021.10.06"]
[SourceQuality "1"]

1. e4 e6 2. d4 d5 3. e5 c5 4. c3 Qb6 5. a3 Nc6 6. Nf3 Bd7 7. b4 cxd4 8. cxd4 a6 9. Be2 Nge7 10. O-O Nf5 11. Bb2 Be7 12. Qd2 O-O 13. Rd1 f6 14. Nc3 Rac8 15. Na4 Qa7 16. Nc3 fxe5 17. dxe5 Be8 18. Bd3 Bh5 19. Be2 Bxf3 20. Bxf3 Nxe5 21. Bxd5 exd5 22. Qxd5+ Kh8 23. Qxe5 Bf6 24. Qxf5 Bxc3 25. Qc2 Bxb4 26. Qe2 Bc5 27. Qe5 Rf7 28. Bd4 Bxd4 29. Rxd4 Rcf8 30. Ra2 Qb6 0-1

[Event "Scarborough CC Falling Leaves U1800"]
[Site "Toronto CAN"]
[Date "2011.12.08"]
[Round "6"]
[White "Smith, Maurice"]
[Black "Mesiti, Silvano"]
[Result "0-1"]
[WhiteElo "1509"]
[BlackElo "1604"]
[PlyCount "46"]
[GameId "2160767909639556"]
[EventDate "2011.11.03"]
[EventType "swiss"]
[EventRounds "7"]
[EventCountry "CAN"]
[SourceTitle "EXT 2022"]
[Source "ChessBase"]
[SourceDate "2021.10.06"]
[SourceVersion "1"]
[SourceVersionDate "2021.10.06"]
[SourceQuality "1"]

1. d4 d5 2. c4 dxc4 3. Nc3 c6 4. a4 Nf6 5. e3 Be6 6. Nf3 g6 7. Ne5 Bg7 8. Nxc4 O-O 9. Bd3 Nbd7 10. O-O Nb6 11. Nd2 Qc7 12. Qc2 Rad8 13. b4 Ng4 14. g3 Nd5 15. Ba3 Ndxe3 16. fxe3 Nxe3 17. Qb1 Nxf1 18. Kxf1 Bxd4 19. Bb2 Bh3+ 20. Ke1 Qe5+ 21. Nde4 f5 22. Qa2+ Kh8 23. Rb1 fxe4 0-1

[Event "Scarborough CC Falling Leaves U1800"]
[Site "Toronto CAN"]
[Date "2011.12.08"]
[Round "6"]
[White "Wang, Eric1"]
[Black "Bellomo, Joe"]
[Result "1-0"]
[WhiteElo "1501"]
[BlackElo "1588"]
[PlyCount "65"]
[GameId "2160767909639557"]
[EventDate "2011.11.03"]
[EventType "swiss"]
[EventRounds "7"]
[EventCountry "CAN"]
[SourceTitle "EXT 2022"]
[Source "ChessBase"]
[SourceDate "2021.10.06"]
[SourceVersion "1"]
[SourceVersionDate "2021.10.06"]
[SourceQuality "1"]

1. d4 Nf6 2. c4 e6 3. Nf3 b6 4. g3 Bb7 5. Bg2 Be7 6. Nc3 O-O 7. O-O c5 8. d5 exd5 9. cxd5 d6 10. Qc2 Nbd7 11. Rd1 a6 12. e4 Re8 13. Nd2 b5 14. f4 Ng4 15. Nf3 b4 16. Nb1 Qb6 17. Qd3 a5 18. Nbd2 Ba6 19. Nc4 Bxc4 20. Qxc4 Bf6 21. h3 Nh6 22. g4 Bd4+ 23. Nxd4 cxd4 24. g5 d3+ 25. Kh1 Rac8 26. Qxd3 Nc5 27. Qd4 Nf5 28. exf5 Re2 29. Be3 Re8 30. Bf2 Qb7 31. Bf1 R8e4 32. Bxe2 Qe7 33. Qd2 1-0

[Event "Scarborough CC Falling Leaves U1800"]
[Site "Toronto CAN"]
[Date "2011.12.08"]
[Round "6"]
[White "Yie, Kevin Yi Xiao"]
[Black "Vyravanathan, Sobiga"]
[Result "1-0"]
[WhiteElo "1463"]
[BlackElo "1453"]
[PlyCount "120"]
[GameId "2160767909639558"]
[EventDate "2011.11.03"]
[EventType "swiss"]
[EventRounds "7"]
[EventCountry "CAN"]
[SourceTitle "EXT 2022"]
[Source "ChessBase"]
[SourceDate "2021.10.06"]
[SourceVersion "1"]
[SourceVersionDate "2021.10.06"]
[SourceQuality "1"]

1. d4 Nf6 2. c4 e6 3. Nc3 Bb4 4. Nf3 d5 5. e3 O-O 6. Be2 Re8 7. O-O Nc6 8. Qc2 e5 9. dxe5 Nxe5 10. cxd5 Nxd5 11. Rd1 Bxc3 12. bxc3 Bg4 13. Nxe5 Bxe2 14. Qxe2 Rxe5 15. c4 Qf6 16. cxd5 Rxd5 17. Bb2 Qe6 18. Rxd5 Qxd5 19. Qc2 c6 20. h3 h6 21. Qc3 Qg5 22. Rb1 Qg6 23. Rf1 Rd8 24. Qb3 b6 25. Qc3 Rd3 26. Qc2 Qd6 27. Rc1 c5 28. Bc3 Rd5 29. Qb2 Rg5 30. Qc2 Qe6 31. Kh1 Qc6 32. f3 Qe6 33. Rd1 Rd5 34. Rxd5 Qxd5 35. Qd2 Qxd2 36. Bxd2 Kf8 37. Kg1 Ke7 38. Kf2 Ke6 39. e4 g6 40. Ke3 a6 41. Kd3 h5 42. Kc4 Kd6 43. Bf4+ Kc6 44. a4 b5+ 45. axb5+ axb5+ 46. Kc3 Kd7 47. Be3 Kc6 48. g4 hxg4 49. hxg4 Kd6 50. f4 Kc6 51. Bf2 Kd6 52. Bg3 Kd7 53. Kd3 Kc6 54. Be1 Kd7 55. e5 Ke6 56. Ke4 b4 57. f5+ gxf5+ 58. gxf5+ Ke7 59. Kd5 f6 60. e6 b3 1-0

[Event "Scarborough CC Falling Leaves U1800"]
[Site "Toronto CAN"]
[Date "2011.12.08"]
[Round "6"]
[White "Zhang, John"]
[Black "Veecock, Carl"]
[Result "1-0"]
[WhiteElo "1663"]
[BlackElo "1329"]
[PlyCount "95"]
[GameId "2160767909639559"]
[EventDate "2011.11.03"]
[EventType "swiss"]
[EventRounds "7"]
[EventCountry "CAN"]
[SourceTitle "EXT 2022"]
[Source "ChessBase"]
[SourceDate "2021.10.06"]
[SourceVersion "1"]
[SourceVersionDate "2021.10.06"]
[SourceQuality "1"]

1. e4 c6 2. d4 d5 3. Nc3 dxe4 4. Nxe4 Bf5 5. Ng3 Bg6 6. h4 h6 7. h5 Bh7 8. Bd3 Bxd3 9. Qxd3 Nf6 10. Bf4 e6 11. Nf3 Nbd7 12. O-O-O Nd5 13. Bd2 Bd6 14. Ne4 Bc7 15. Rde1 N7f6 16. Nc5 Qb8 17. Ne5 Bxe5 18. Rxe5 O-O 19. c4 Ne7 20. Qf3 Qc8 21. g4 Nd7 22. Nxd7 Qxd7 23. Qe4 Rfd8 24. Bc3 Nc8 25. c5 Ne7 26. g5 Nf5 27. gxh6 Nxh6 28. Rg1 Nf5 29. Qg4 f6 30. Re4 Qf7 31. Bd2 Rd7 32. Qg2 Rad8 33. h6 g5 34. f4 Nxh6 35. fxg5 fxg5 36. Qxg5+ Qg7 37. Qe3 Nf5 38. Rxg7+ Rxg7 39. Qf2 Rf8 40. Rf4 Rff7 41. Qe1 Re7 42. Bc3 Rg6 43. Rxf5 Rf7 44. Rxf7 Kxf7 45. Bd2 Rg4 46. Qf2+ Kg6 47. Qe3 Kf7 48. Qf3+ 1-0